Mathematical crystallography and the theory of groups of movements
Αποθηκεύτηκε σε:
| Κύριος συγγραφέας: | |
|---|---|
| Μορφή: | Βιβλίο |
| Γλώσσα: | English |
| Δημοσίευση: |
New York :
Dover Publications,
1963
|
| Θέματα: | |
| Ετικέτες: |
Προσθήκη ετικέτας
Δεν υπάρχουν, Καταχωρήστε ετικέτα πρώτοι!
|
MARC
| LEADER | 00000cam a2200000 i 4500 | ||
|---|---|---|---|
| 001 | 1/94094 | ||
| 008 | 080918s1963 eng d | ||
| 035 | |l 10100247 | ||
| 040 | |a GR-MY-UA |b gre |e aacr | ||
| 041 | 0 | |a eng | |
| 082 | 0 | |a 548.7 |2 (22) | |
| 100 | 1 | |a Hilton, Harold |d 1876- | |
| 245 | 1 | 0 | |a Mathematical crystallography and the theory of groups of movements / |c Harold Hilton |
| 260 | |a New York : |b Dover Publications, |c 1963 | ||
| 300 | |a xii, 262 σ.; |b διαγρ.; |c 22 εκ. | ||
| 504 | |a Περιέχει ευρετήριο | ||
| 650 | 0 | 0 | |a Crystallography, Mathematical. |
| 852 | |a INST |b SAMOS |c MAG |e 20080918 |h 548.7 HIL |p 005300029971 |q 005300029971 |t BK |y 0 | ||
| 901 | |a BIBL3-2008-3 | ||
| 909 | |a Σ |b 134788 | ||
| 970 | |a ΣΙΤΖΙΜΗ |b ΓΙΑΣΕΜΗ |z 2008/09/18 | ||